| 000 | 00418nam a2200169Ia 4500 | ||
|---|---|---|---|
| 001 | 37970 | ||
| 005 | 20240114001952.0 | ||
| 007 | ta | ||
| 008 | 070622s a g b000 u u | ||
| 082 |
_a930 _bPo 785 Tu |
||
| 100 | _aPool, Atanby Lanwe . | ||
| 245 | 0 |
_aTurkey ;The Story of Nation / _cAtanby Lanwe Pool. _hTextual Documents |
|
| 300 | _bill ; | ||
| 653 | _aHistory | ||
| 942 |
_2ddc _cBK |
||
| 999 |
_c37946 _d37946 |
||